Le Christ (Record no. 29200)

MARC details
000 -LEADER
campo de control de longitud fija 00729nam a2200205 i 4500
001 - NÚMERO DE CONTROL
campo de control 29200
003 - IDENTIFICADOR DE NÚMERO DE CONTROL
campo de control ES-MaACL
005 - FECHA Y HORA DE LA ÚLTIMA TRANSACCIÓN
campo de control 20230906154005.0
007 - CAMPO FIJO DE DESCRIPCIÓN FÍSICA--INFORMACIÓN GENERAL
campo de control de longitud fija t|
008 - DATOS DE LONGITUD FIJA--INFORMACIÓN GENERAL
campo de control de longitud fija 030121s1935 fr ||||1| fre d
100 1# - ENTRADA PRINCIPAL--NOMBRE DE PERSONA
Nombre de persona Bardy, Gustave.
9 (RLIN) 25601
245 13 - MENCIÓN DEL TÍTULO
Título Le Christ
Resto del título : encyclopedie populaire des connaissances christologiques /
Mención de responsabilidad, etc. publiée sous la direction de M. l'abbe Gustave Bardy et de M. l'Abbé A Triest avec le concurs de M. l'Abbé R. Aigrain ; preface de M. Pic.
260 ## - PUBLICACIÓN, DISTRIBUCIÓN, ETC.
Lugar de publicación, distribución, etc. París :
Nombre del editor, distribuidor, etc. Bloud and Gay,
Fecha de publicación, distribución, etc. 1935.
300 ## - DESCRIPCIÓN FÍSICA
Extensión 1264 p. ;
Dimensiones 20 cm.
650 04 - PUNTO DE ACCESO ADICIONAL DE MATERIA--TÉRMINO DE MATERIA
Término de materia o nombre geográfico como elemento de entrada Cristología.
9 (RLIN) 11443
700 1# - ENTRADA AGREGADA--NOMBRE PERSONAL
Nombre de persona Triest, A.
9 (RLIN) 111400
700 1# - ENTRADA AGREGADA--NOMBRE PERSONAL
Nombre de persona Aigrain, René.
9 (RLIN) 18961
700 1# - ENTRADA AGREGADA--NOMBRE PERSONAL
Nombre de persona Pic, Camille.
9 (RLIN) 91762
852 ## - LOCALIZACIÓN
Ubicación ES-MaACL
Número de control de estantería A-4352
Holdings
Estatus retirado Estado de pérdida Estado de daño No para préstamo Biblioteca de origen Biblioteca actual Ubicación en estantería Fecha de adquisición Fuente de adquisición Total de préstamos Signatura topográfica completa Código de barras Visto por última vez Precio de reemplazo Tipo de ítem Koha
        Biblioteca del Ateneo de Madrid Biblioteca del Ateneo de Madrid Sala Pecera Planta 1 17/01/2008     A-4352 1030145 23/02/2023 23/02/2023 Libro impreso